[Event "Ruhrgebiet VK3 0304"]
[Site "Ruhrgebiet"]
[Date "2004.04.25"]
[Round "9.8"]
[White "Hering, Franz"]
[Black "Glenzer, Andre"]
[Result "0-1"]
[WhiteElo "1835"]
[BlackElo "1762"]
[PlyCount "126"]
[EventDate "2003.09.28"]
[EventType "team"]
[EventRounds "9"]
[EventCountry "GER"]
[SourceTitle "EXT 2007"]
[Source "ChessBase"]
[SourceDate "2006.11.23"]
[SourceVersion "1"]
[SourceVersionDate "2006.11.23"]
[SourceQuality "1"]
[WhiteTeam "Dortmund SV"]
[BlackTeam "Altenessen II"]
[WhiteTeamCountry "GER"]
[BlackTeamCountry "GER"]

1. e4 Nf6 2. d3 d6 3. Nf3 g6 4. g3 Bg7 5. Bg2 0-0 6. 0-0 c5 7. Nbd2 Nc6 8. Re1 e5 9. Nf1 Be6 10. Bd2 Qd7 11. Qc1 Nh5 12. Bh6 f5 13. Bxg7 Kxg7 14. Ng5 f4 15. Nxe6+ Qxe6 16. Nd2 g5 17. Qd1 g4 18. h3 f3 19. hxg4 fxg2 20. Kxg2 Nf6 21. f3 h6 22. Nc4 Nh7 23. Ne3 Ne7 24. Rh1 Ng5 25. Nf5+ Nxf5 26. gxf5 Qf6 27. Qd2 Rh8 28. Rh5 Kf7 29. Rah1 Ke7 30. c3 Rag8 31. Kf1 Nxf3 32. Qe3 Ng5 33. g4 Nf7 34. Qh3 Rg7 35. Rg1 Rhg8 36. Rh4 Rg5 37. c4 Qg7 38. Kf2 h5 39. Rxh5 Rxh5 40. Qxh5 Rh8 41. f6+ Qxf6+ 42. Qf5 Qxf5+ 43. gxf5 Rh2+ 44. Rg2 Rxg2+ 45. Kxg2 Kf6 46. Kf3 Kg5 47. Kg3 Nh6 48. Kf3 Ng4 49. Ke2 Nf6 50. Kf3 Kh4 51. Kf2 Kg4 52. Ke3 Kg3 53. Ke2 Kg2 54. Ke1 Kf3 55. Kd2 Kf2 56. Kc2 Ke2 57. Kc3 Kd1 58. b4 cxb4+ 59. Kxb4 Kc2 60. c5 dxc5+ 61. Kxc5 Kxd3 62. Kd6 Kxe4 63. Ke6 Nd5 0-1